000 00683nam a2200265Ia 4500
005 20260324153235.0
008 008 260324s9999 xx 000 0 eng d
020 _a9780128020753
037 _aEBOOK
040 _aCRL
040 _beng
040 _cCRL
041 _2eng
041 _aeng
084 _qCRL
100 _aLuiselli, James K.
_91230973
245 0 _aComputer-Assisted and Web-Based Innovations in Psychology, Special Education, and Health
260 _bElsevier
260 _c2016
650 _aPsychology
856 _uhttps://www.sciencedirect.com/science/book/9780128020753
942 _cEBOOK
999 _c1842294
_d1842294